TH-PHD-Characterization of Pakistani HCV genogype 3A structural proteins core E1,e@ and development of pseudotype particles (HCV pp) and intergenotypic chimera (HCVcc) (Record no. 330423)
[ view plain ]
| 000 -LEADER | |
|---|---|
| fixed length control field | nam a22 7a 4500 |
| 003 - CONTROL NUMBER IDENTIFIER | |
| control field | ASAB |
| 005 - DATE AND TIME OF LATEST TRANSACTION | |
| control field | 20170711124635.0 |
| 008 - FIXED-LENGTH DATA ELEMENTS--GENERAL INFORMATION | |
| fixed length control field | 170711b xxu||||| |||| 00| 0 eng d |
| 040 ## - CATALOGING SOURCE | |
| Transcribing agency | ASAB |
| 082 ## - DEWEY DECIMAL CLASSIFICATION NUMBER | |
| Classification number | Thesis 2013 SA |
| 100 ## - MAIN ENTRY--PERSONAL NAME | |
| Personal name | Sadia Anjum |
| 9 (RLIN) | 3223 |
| 245 ## - TITLE STATEMENT | |
| Title | TH-PHD-Characterization of Pakistani HCV genogype 3A structural proteins core E1,e@ and development of pseudotype particles (HCV pp) and intergenotypic chimera (HCVcc) |
| Statement of responsibility, etc. | by Sadia Anjum-sup-Dr. Ishtiaq Qadri |
| 260 ## - PUBLICATION, DISTRIBUTION, ETC. | |
| Place of publication, distribution, etc. | Islamabad. |
| Name of publisher, distributor, etc. | Atta ur Rahman school of Applied biosciences NUST Islamabad. |
| Date of publication, distribution, etc. | 2013. |
| 300 ## - PHYSICAL DESCRIPTION | |
| Extent | 186 p |
| 630 ## - SUBJECT ADDED ENTRY--UNIFORM TITLE | |
| Uniform title | HCV genotype |
| 9 (RLIN) | 3219 |
| 942 ## - ADDED ENTRY ELEMENTS (KOHA) | |
| Source of classification or shelving scheme | |
| Koha item type | |
| Withdrawn status | Lost status | Source of classification or shelving scheme | Damaged status | Not for loan | Collection code | Permanent Location | Current Location | Date acquired | Total Checkouts | Full call number | Barcode | Date last seen | Copy number | Price effective from | Koha item type |
|---|---|---|---|---|---|---|---|---|---|---|---|---|---|---|---|
| Atta-ur-Rahman School of Applied Biosciences (ASAB) | Atta-ur-Rahman School of Applied Biosciences (ASAB) | 07/11/2017 | Thesis 2013 SA | ASABPHD3 | 07/11/2017 | copy1 | 07/11/2017 | Thesis | |||||||
| Atta-ur-Rahman School of Applied Biosciences (ASAB) | Atta-ur-Rahman School of Applied Biosciences (ASAB) | 07/11/2017 | Thesis 2013 SA | ASABPHD4 | 07/11/2017 | copy2 | 07/11/2017 | Thesis |
